[Event "NED-ch U16 Girls"]
[Site "Almelo"]
[Date "2023.05.03"]
[Round "4"]
[White "Oostinga, Elisa"]
[Black "Kulikova, Polina"]
[Result "1/2-1/2"]
[WhiteElo "1034"]
[BlackElo "1589"]
[PlyCount "91"]
[EventDate "2023.04.30"]
[EventType "swiss"]
[EventRounds "7"]
[EventCountry "NED"]
[SourceTitle "CBM 214 Extra"]
[Source "ChessBase"]
[SourceDate "2023.07.31"]
[SourceVersion "1"]
[SourceVersionDate "2023.07.31"]
[SourceQuality "1"]

1. e4 c6 2. d4 d5 3. exd5 cxd5 4. Bd3 Nc6 5. c3 Nf6 6. Bf4 Qb6 7. Qd2 Bg4 8. Ne2 e6 9. 0-0 Be7 10. h3 Bh5 11. Na3 a6 12. Rab1 Qa5 13. Rfe1 b5 14. Nc2 Bg6 15. a3 0-0 16. Ng3 Bxd3 17. Qxd3 Qd8 18. Re3 h6 19. Nb4 Qb6 20. Nxc6 Qxc6 21. Qe2 Bd6 22. Be5 Kh7 23. Bxf6 Bxg3 24. Qd3+ Kh8 25. Bxg7+ Kxg7 26. Rxg3+ Kh8 27. Qe3 Kh7 28. Re1 Rg8 29. Qd3+ Kh8 30. Re5 Qc4 31. Qf3 Qc7 32. Qf6+ Kh7 33. Rh5 Rg6 34. Rxg6 fxg6 35. Re5 Re8 36. Rxe6 Rxe6 37. Qxe6 Qb7 38. Kf1 a5 39. Qd6 Kg7 40. Ke2 Kf7 41. Qf4+ Kg7 42. g3 h5 43. b3 b4 44. cxb4 axb4 45. Qd6 Qb5+ 46. Ke3 1/2-1/2

[Event "NED-ch U16 Girls"]
[Site "Almelo"]
[Date "2023.05.01"]
[Round "2"]
[White "Oostinga, Elisa"]
[Black "Luijkx, Dagmar"]
[Result "1/2-1/2"]
[WhiteElo "1034"]
[BlackElo "1559"]
[PlyCount "65"]
[EventDate "2023.04.30"]
[EventType "swiss"]
[EventRounds "7"]
[EventCountry "NED"]
[SourceTitle "CBM 214 Extra"]
[Source "ChessBase"]
[SourceDate "2023.07.31"]
[SourceVersion "1"]
[SourceVersionDate "2023.07.31"]
[SourceQuality "1"]

1. e4 e6 2. d4 d5 3. Nc3 Nf6 4. Bg5 Be7 5. e5 Nfd7 6. Bxe7 Qxe7 7. a3 c5 8. Nf3 a6 9. Qd2 Nc6 10. 0-0-0 cxd4 11. Nxd4 Ndxe5 12. f4 Nd7 13. Nxd5 Qd8 14. Nc3 Nxd4 15. Qxd4 0-0 16. Be2 Qf6 17. g4 e5 18. fxe5 Nxe5 19. h4 b5 20. g5 Qe6 21. Rhf1 Bb7 22. Rde1 Rfd8 23. Qf4 Ng6 24. Qf2 Qd7 25. Bd3 Rf8 26. h5 Nh8 27. h6 f6 28. Bf5 Qc6 29. Be6+ Nf7 30. gxf6 g6 31. Nd5 Kh8 32. Qg3 Rae8 33. Ne7 1/2-1/2